000 00290nam a2200133Ia 4500
100 _aBagde/M.K.
942 _cBK
654 _aelements
245 _aElements of electronics
260 _bS.Chand and Co.
_aNew Dellhi
_c1984
082 _a621.381
_bBAG
300 _a278
546 _aENGLISH
999 _c28181
_d28181